000 01019nam a2200289 i 4500
003 EG-GICUC
005 20260121101536.0
008 251224s1971 le ||||fr|||| 00| 0 ara d
040 _a EG-GICUC
_bara
_c EG-GICUC
_d EG-GICUC
_erda
041 0 _aara
082 0 4 _221
_a343.37
_bس م . م
092 0 4 _221
099 _aLaw1 10 343.37 س م . م 1971
100 0 _aسمير عالية
_eمؤلف.
245 1 0 _aمجموعة أجتهادات محمكة التمييز الجزائية (بغرفتيها).
_nالجزء الثانى /
_cسمير عالية.
264 1 _aبيروت :
_c1971.
300 _a220 ؛ صفحة
_c24 سم.
336 _2rda content
_atext
337 _2rda media
_aComputer
338 _2rda carrier
_aOnline Resource
546 _aالنص باللغة العربية
650 1 4 _aتشريعات جنائية خاصة أخرى
650 1 4 _aالقانون الجنائي
856 4 0 _uhttps://fll.law.cu.edu.eg/fulltext/bks/B10-04573.pdf
905 _a77
942 _2ddc
_cBK
_e21
_n0
999 _c52439
_d52439